Quizzes
Events
Quiz Creation
Community
Videos
Private Events
Remove Ads
Sign In
Join for FREE
Feedback
Dark Mode
Quiz Categories
Sports
Geography
Music
Movies
Television
Just For Fun
Miscellaneous
History
Literature
Language
Science
Gaming
Entertainment
Religion
Holiday
For Kids
Quiz Lab
Recent
Popular Today
Quiz Kudos Today
Editor Picks
Curator Picks
Quizzes by...
Day
Popularity
Type
Ratings
Length
Year
Community
Subscriptions
Recent Discussions
Orange Saloon
Badges
Playlists
Quests
Create
Leaderboards
Showdown
Live 5
Trivia Bingo
Activity
Puzzle Library
Sporcle Events
Private Events
Virtual Trivia
Globe League
Become a Host
Pub Owners
SporcleCon
Opinionation
Our Games
Videos
Blog
Mobile Apps
Partnerships
Remove Ads and Go Orange
Feedback
Sports
Athletes
MLB
NBA
NHL
NFL
Soccer
Sports Teams
WWE
NCAA
Football
Premier League
Basketball
Baseball
Hockey
Golf
Tennis
Cricket
Rugby
Auto Racing
Olympics
World Cup
Sports
Athletes
MLB
NBA
NHL
NFL
Soccer
Sports Teams
WWE
NCAA
Football
Premier League
Basketball
Baseball
Hockey
Golf
Tennis
Cricket
Rugby
Auto Racing
Olympics
World Cup
Random Quiz
Search Sporcle
×
Quiz Lab
Quiz Lab
Sports
opponent
Type in answers that appear in a list
Type in answers that appear in a list
Classic
Best Score? Go Orange.
Robbie E PPV Opponents Stats
Can you name the Robbie E PPV Opponents?
By
RKOLEGACY0
10m
29 Questions
34 Plays
34 Plays
34 Plays
Comments
Comments
Give Quiz Kudos
Give Quiz Kudos
-
- Ratings
hide this ad
Replay
Link that replays current quiz
Next Quiz
Link to next quiz in quiz playlist
You Got
0%
They Got
Avg Score
62%
Avg Friend Score
Upgrade to see
Score Distribution
Jump to the score distribution portion of the page
Score
0/29
Timer
10:00
0
Plays Today
PPV
Opponent
% Correct
TNA Hardcore Justice 2012
Jeff Hardy
88.2%
TNA Sacrifice 2012
Robbie T
85.3%
TNA Hardcore Justice 2012
Bully Ray
79.4%
TNA Against All Odds 2011
Kazarian
76.5%
TNA Victory Road 2011
Kazarian
76.5%
TNA Turning Point 2011
Eric Young
76.5%
TNA Final Resolution 2011
Eric Young
76.5%
TNA Hardcore Justice 2012
James Storm
76.5%
TNA Victory Road 2012
Devon
73.5%
TNA Lockdown 2012
Devon
73.5%
TNA Sacrifice 2012
Devon
73.5%
TNA Slammiversary 2012
Devon
73.5%
TNA Turning Point 2010
Jay Lethal
70.6%
TNA Final Resolution 2010
Jay Lethal
70.6%
TNA Lockdown 2011
Jay Lethal
70.6%
PPV
Opponent
% Correct
TNA Lockdown 2011
Chris Sabin
70.6%
TNA Destination X 2011
Alex Shelley
64.7%
TNA Lockdown 2011
Brian Kendrick
52.9%
TNA Sacrifice 2011
Brian Kendrick
52.9%
TNA Lockdown 2011
The Amazing Red
47.1%
TNA Destination X 2011
The Amazing Red
47.1%
TNA Destination X 2011
Shannon Moore
47.1%
TNA Against All Odds 2012
Shannon Moore
47.1%
TNA Lockdown 2011
Suicide
44.1%
TNA Slammiversary 2012
Garett Bischoff
44.1%
TNA Victory Road 2011
Jeremy Buck
38.2%
TNA Victory Road 2011
Max Buck
38.2%
TNA Lockdown 2011
Jeremy Buck
38.2%
TNA Lockdown 2011
Max Buck
38.2%
Quiz Playlist
Details
Report
Send in Message
Add To Playlist
Classic:
Type in answers that appear in a list
Last Updated: Feb 16, 2017
Quiz Scoreboard
CHALLENGE
Sign Up to Join the Scoreboard
Show All
Scores
Hide
Comments
May contain spoilers
Recently Published
An Introduction to Baseball
by treessimontrees
Sports
5m
Movies - When Are They Set?
by FPL_Elf
Movies
5m
Popular People in 1961
by mucciniale
History
6m
More to Explore
Quiz From the Vault
Featured Blog Post
Where Did the Easter Bunny Come From?
hide this ad
You Might Also Like...
Tags
opponent
PPV
PPV Opponents
robbie
Today's Top Quizzes in Sports
Browse Sports
hide this ad
Today's Top Quizzes in opponent
Browse opponent
Top Contributed Quizzes in Sports
1
Les meilleurs buteurs des matchs entre le PSG et l’OM
2
2022 World Cup Stars
3
FIFA Club World Cup Champions
4
Les entraîneurs de l'OM et du PSG au 21e siècle
5
Name the Premier League winners with different clubs
6
La finale Lions - Afrique du Sud 2021
7
Les joueurs passés par le LOSC et le RC Lens
8
Criteria MLB: Left Handed Sluggers
9
Players with Multiple 50 Home Run Seasons
10
5-to-1: UK Sports Teams
Explore More
Trending Topics
Harry Potter
Anime
Disney
Marvel
Crossword
Kpop
NBA
Country
NFL
Soccer
The Office
Song
Pokémon
Puzzle
WWE
hide this ad
More By:
RKOLEGACY0
Quiz
Plays
Rating
Category
Featured
Created
D-Generation X Members
81,666
3.98
Sports
Sep 13, 2012
Edge WWE PPV Opponents
13,883
4.32
Sports
Nov 10, 2011
Wrestlers with the most WWE PPV Matches
11,235
4.23
Sports
Jan 8, 2012
History of the WWE Championship
5,922
4.50
Sports
Feb 9, 2012
MLB Top 100 Hitters of All Time
5,909
4.56
Sports
May 10, 2013
Go to Creator's Profile
Score Distribution
Quiz Creator Spotlight
RKOLEGACY0
Follow
Send a Message
Quizzes Created
-
Created Quiz Play Count
-
More By This Creator
Popular Quizzes Today
1
Find the Countries of Europe - No Outlines Minefield
2
Find the US States - No Outlines Minefield
3
The Countries of the World
4
Popular People in 1961
5
US States
6
Find the US States
7
1-10 Letter E Words III
8
Risky Map Clicking: Biggest States A-Z
More Sports Quizzes
2023 NFL Opening Day Quarterbacks
Quiz Lab
Trending Quizzes
Risky Map Clicking: Least Populous States A-Z
1-10 Letter F Words
1-10 Letter G Words
One Thing in Common: United Kingdom
Risky Map Clicking: Next State Alphabetically
Recently Updated
Leaping Animals
pecheneg
Reality TV Shows (A-Z)
bhenderson79
Rickey Henderson's Hall of Fame Teammates
pecheneg
Champions League XIs: Arsenal
pecheneg
Quick Pick: Celebrities in WWE's Hall of Fame
aduchscher
A-Z Keypad Blitz II
pecheneg
Multiple Oscar Actors
pecheneg
Mystery Phrase Blitz: Oscar 'Best Actors'
pecheneg
F. Scott Fitzgerald Novels
LTH
Pick 3 Villains
ddd62291
Trending Topics
Kpop
Anime
Marvel
Disney
Crossword
Harry Potter
NBA
Puzzle
WWE
Country
NFL
Pokémon
Soccer
Song
The Office
Your Account Isn't Verified!
In order to create a playlist on Sporcle, you need to verify the email address you used during registration. Go to your
Sporcle Settings
to finish the process.
Report this User
Report this user for behavior that violates our
Community Guidelines
.
Details:
Send Report
Go to the Sporcle.com Mobile Site →
Comments